Welcome to the Holygrace Academy Library

Please use search bar below to get started

KILIKOODU (Record no. 6932)

MARC details
000 -LEADER
fixed length control field 00308nam a22001337a 4500
082 ## - DEWEY DECIMAL CLASSIFICATION NUMBER
Classification number 894.812.3
Item number SAR/K
100 ## - MAIN ENTRY--AUTHOR NAME
Personal name SARASWATHISARMA
245 ## - TITLE STATEMENT
Title KILIKOODU
260 ## - PUBLICATION, DISTRIBUTION, ETC. (IMPRINT)
Place of publication KANNUR
Name of publisher MAY FLOWER BOOKS
Year of publication 2018
300 ## - PHYSICAL DESCRIPTION
Number of Pages 64
520 ## - SUMMARY, ETC.
Summary, etc CHILDRENS LITERATURE-MALAYALAM
650 ## - SUBJECT ADDED ENTRY--TOPICAL TERM
Topical Term MALAYALAM NOVEL
942 ## - ADDED ENTRY ELEMENTS (KOHA)
Koha item type Books
Holdings
Withdrawn status Lost status Collection code Home library Current library Shelving location Date acquired Source of acquisition Cost, normal purchase price Full call number Accession Number Koha item type
    Fiction Main Library Main Library NEW SHELF WITH NEW ENTRY 05/10/2023 Purchase 60.00 894.812.3 SAR/K 12955 Books